SHAKESPEAR MACBETH (Record no. 178747)
[ view plain ]
| 000 -LEADER | |
|---|---|
| fixed length control field | 00418nam a2200169Ia 4500 |
| 003 - CONTROL NUMBER IDENTIFIER | |
| control field | OSt |
| 005 - DATE AND TIME OF LATEST TRANSACTION | |
| control field | 20251204123911.0 |
| 040 ## - CATALOGING SOURCE | |
| Transcribing agency | LC |
| 050 ## - LIBRARY OF CONGRESS CALL NUMBER | |
| Classification number | PR 2823 .T 58 1922 |
| Item number | 1 |
| 100 ## - MAIN ENTRY--PERSONAL NAME | |
| Personal name | THURBER,SAMUEL |
| 245 #0 - TITLE STATEMENT | |
| Title | SHAKESPEAR MACBETH |
| 260 ## - PUBLICATION, DISTRIBUTION, ETC. | |
| Place of publication, distribution, etc. | BOSTON, |
| Name of publisher, distributor, etc. | Allyn and Bacon, |
| Date of publication, distribution, etc. | 1922 |
| 300 ## - PHYSICAL DESCRIPTION | |
| Extent | Xii, 324 P, ILL |
| 650 ## - SUBJECT ADDED ENTRY--TOPICAL TERM | |
| Topical term or geographic name entry element | Macbeth (Shakespeare, William) |
| 710 ## - ADDED ENTRY--CORPORATE NAME | |
| Corporate name or jurisdiction name as entry element | WITHAM, ADELAIDE R |
| 942 ## - ADDED ENTRY ELEMENTS (KOHA) | |
| Koha item type | Long Loan Book |
| Source of classification or shelving scheme | Library of Congress Classification |
| Suppress in OPAC | No |
| Withdrawn status | Lost status | Source of classification or shelving scheme | Damaged status | Not for loan | Collection | Home library | Current library | Shelving location | Date acquired | Inventory number | Total checkouts | Full call number | Barcode | Date last seen | Date last checked out | Copy number | Price effective from | Koha item type |
|---|---|---|---|---|---|---|---|---|---|---|---|---|---|---|---|---|---|---|
| Library of Congress Classification | Arts & Social Sciences | Kisii University Library | Kisii University Library | On Display | 09/15/2023 | 04625/87 | 1 | PR 2823 .T 58 1992 | 009204 | 09/29/2025 | 09/16/2025 | 1 | 09/15/2023 | Long Loan Book |